00720nam a2200253Ia 4500003000900000008004100009040001300050040001300063041000800076100001700084245004500101250000900146260001200155260000900167300001100176300001000187490000600197600002800203700001400231700001600245942000700261999001700268952018100285IT-RoPAU120407s9999 xx 000 0 und d aIT-RoPAU cIT-RoPAU afra aHenri Rondet aPéché originel et péché d’Adam aLion aDu Cerf c1969 a104 p. c16 cm v1 a1. Il Peccato Originale aE. Boudes aG. Martelet cBK c24115d24115 00102ddc406233_17000000000000071aPAULUSbPAULUSd2012-04-11l0o233.17r2012-04-11 00:00:00w2012-04-11yBKzInserito da: In data: n.d. fondo: Via A.Severo 56 Progr:28641